[Event "DVM U14 2023"]
[Site "Magdeburg GER"]
[Date "2023.12.29"]
[Round "6"]
[White "Marynychenko, Yehor"]
[Black "Malinowsky, Levi"]
[Result "1-0"]
[Termination "normal"]
[Board "1.2"]
[WhiteElo "1795"]
[BlackElo "2046"]
[WhiteClock "00:22:52"]
[BlackClock "00:46:11"]
[WhiteTeam "USV TU Dresden"]
[BlackTeam "Lübecker SV 1873"]
[PlyCount "67"]
[WhiteFideId "34160558"]
[BlackFideId "16253094"]
[EventCountry "GER"]
[EventRounds "7"]
[EventType "team-swiss"]
[EventDate "2023.12.26"]

1. e4 {[%clk 01:30:57]} {[%emt 00:00:02]} c5 {[%clk 01:30:53]} {[%emt
00:00:08]} 2. Nc3 {[%clk 01:31:22]} {[%emt 00:00:06]} Nc6 {[%clk 01:31:14]}
{[%emt 00:00:09]} 3. f4 {[%clk 01:31:47]} {[%emt 00:00:04]} g6 {[%clk
01:31:31]} {[%emt 00:00:13]} 4. Nf3 {[%clk 01:32:11]} {[%emt 00:00:06]} Bg7
{[%clk 01:31:48]} {[%emt 00:00:13]} 5. Bc4 {[%clk 01:32:27]} {[%emt 00:00:13]}
e6 {[%clk 01:30:30]} {[%emt 00:01:49]} 6. d3 {[%clk 01:32:29]} {[%emt
00:00:28]} Nge7 {[%clk 01:30:33]} {[%emt 00:00:27]} 7. O-O {[%clk 01:31:52]}
{[%emt 00:01:06]} d5 {[%clk 01:29:48]} {[%emt 00:01:15]} 8. exd5 {[%clk
01:30:22]} {[%emt 00:02:01]} exd5 {[%clk 01:30:02]} {[%emt 00:00:16]} 9. Bb3
{[%clk 01:30:41]} {[%emt 00:00:11]} O-O {[%clk 01:30:09]} {[%emt 00:00:23]} 10.
h3 {[%clk 01:30:03]} {[%emt 00:01:07]} a6 {[%clk 01:25:47]} {[%emt 00:04:53]}
11. a4 {[%clk 01:27:03]} {[%emt 00:03:30]} Rb8 {[%clk 01:24:55]} {[%emt
00:01:20]} 12. Ne2 {[%clk 01:11:49]} {[%emt 00:15:45]} b5 {[%clk 01:20:05]}
{[%emt 00:05:21]} 13. axb5 {[%clk 01:10:47]} {[%emt 00:01:31]} axb5 {[%clk
01:20:26]} {[%emt 00:00:10]} 14. c3 {[%clk 01:10:38]} {[%emt 00:00:39]} Re8
{[%clk 01:17:33]} {[%emt 00:03:23]} 15. Ng3 {[%clk 01:01:53]} {[%emt 00:09:13]}
Nf5 {[%clk 01:12:56]} {[%emt 00:05:08]} 16. Nxf5 {[%clk 00:59:30]} {[%emt
00:02:54]} Bxf5 {[%clk 01:13:14]} {[%emt 00:00:12]} 17. g4 {[%clk 00:57:59]}
{[%emt 00:02:00]} Bc8 {[%clk 01:12:31]} {[%emt 00:01:13]} 18. Kg2 {[%clk
00:48:56]} {[%emt 00:09:33]} d4 {[%clk 01:05:53]} {[%emt 00:07:09]} 19. Ng5
{[%clk 00:44:54]} {[%emt 00:04:31]} Rf8 {[%clk 01:03:31]} {[%emt 00:02:50]} 20.
f5 {[%clk 00:30:03]} {[%emt 00:15:23]} Ne5 {[%clk 00:59:33]} {[%emt 00:04:27]}
21. fxg6 {[%clk 00:26:23]} {[%emt 00:04:13]} Bb7+ {[%clk 00:59:23]} {[%emt
00:00:38]} 22. Kg1 {[%clk 00:26:02]} {[%emt 00:00:51]} hxg6 {[%clk 00:59:16]}
{[%emt 00:00:36]} 23. Qe1 {[%clk 00:24:55]} {[%emt 00:01:38]} c4 {[%clk
00:54:03]} {[%emt 00:05:43]} 24. Qh4 {[%clk 00:23:55]} {[%emt 00:01:30]} Re8
{[%clk 00:53:24]} {[%emt 00:01:09]} 25. Qh7+ {[%clk 00:23:36]} {[%emt
00:00:49]} Kf8 {[%clk 00:53:48]} {[%emt 00:00:06]} 26. Nxf7 {[%clk 00:23:32]}
{[%emt 00:00:36]} Nxf7 {[%clk 00:52:17]} {[%emt 00:02:00]} 27. Bh6 {[%clk
00:23:15]} {[%emt 00:00:47]} Qd5 {[%clk 00:45:51]} {[%emt 00:34:17]} 28. Qxg7+
{[%clk 00:23:27]} Ke7 {[%clk 00:46:20]} 29. Qf6+ {[%clk 00:23:31]} Kd7 {[%clk
00:46:28]} 30. Qxf7+ {[%clk 00:23:42]} Qxf7 31. Rxf7+ {[%clk 00:24:02]} Ke6
{[%clk 00:47:08]} 32. Rxb7 Rxb7 {[%clk 00:47:27]} 33. dxc4 {[%clk 00:23:09]}
bxc4 {[%clk 00:46:11]} 34. Re1+ {[%clk 00:22:52]} 1-0

[Event "DVM U14 2023"]
[Site "Magdeburg GER"]
[Date "2023.12.29"]
[Round "6"]
[White "Engel, Bruno"]
[Black "Ellinger, Maximilian"]
[Result "1/2-1/2"]
[Termination "normal"]
[Board "1.3"]
[WhiteElo "1987"]
[BlackElo "1654"]
[WhiteClock "00:40:01"]
[BlackClock "00:34:36"]
[WhiteTeam "Lübecker SV 1873"]
[BlackTeam "USV TU Dresden"]
[PlyCount "41"]
[WhiteFideId "34609008"]
[BlackFideId "34631003"]
[EventCountry "GER"]
[EventRounds "7"]
[EventType "team-swiss"]
[EventDate "2023.12.26"]

1. d4 {[%clk 01:30:56]} {[%emt 00:00:04]} Nf6 {[%clk 01:30:47]} {[%emt
00:00:14]} 2. Bg5 {[%clk 01:30:35]} {[%emt 00:00:50]} g6 {[%clk 01:28:10]}
{[%emt 00:03:08]} 3. Bxf6 {[%clk 01:29:54]} {[%emt 00:01:10]} exf6 {[%clk
01:28:34]} {[%emt 00:00:06]} 4. e3 {[%clk 01:30:20]} {[%emt 00:00:04]} f5
{[%clk 01:28:01]} {[%emt 00:01:03]} 5. g3 {[%clk 01:29:07]} {[%emt 00:01:43]}
Bg7 {[%clk 01:26:56]} {[%emt 00:01:35]} 6. Bg2 {[%clk 01:29:31]} {[%emt
00:00:06]} O-O {[%clk 01:25:27]} {[%emt 00:01:58]} 7. Ne2 {[%clk 01:29:58]}
{[%emt 00:00:04]} d5 {[%clk 01:21:34]} {[%emt 00:04:24]} 8. O-O {[%clk
01:30:14]} {[%emt 00:00:14]} c6 {[%clk 01:21:29]} {[%emt 00:00:34]} 9. Nd2
{[%clk 01:29:26]} {[%emt 00:01:18]} Nd7 {[%clk 01:20:51]} {[%emt 00:01:09]} 10.
c4 {[%clk 01:26:55]} {[%emt 00:03:00]} dxc4 {[%clk 01:19:45]} {[%emt 00:01:36]}
11. Nxc4 {[%clk 01:26:43]} {[%emt 00:00:42]} Nb6 {[%clk 01:19:32]} {[%emt
00:00:42]} 12. Qc2 {[%clk 01:18:56]} {[%emt 00:08:17]} Nxc4 {[%clk 01:15:24]}
{[%emt 00:04:39]} 13. Qxc4 {[%clk 01:19:21]} {[%emt 00:00:05]} Qb6 {[%clk
01:14:50]} {[%emt 00:01:03]} 14. Qc2 {[%clk 01:12:24]} {[%emt 00:07:28]} Be6
{[%clk 01:11:00]} {[%emt 00:04:20]} 15. Nf4 {[%clk 01:09:00]} {[%emt 00:03:54]}
Kh8 {[%clk 01:09:11]} {[%emt 00:02:20]} 16. Rfd1 {[%clk 01:05:22]} {[%emt
00:04:07]} Rac8 {[%clk 01:07:15]} {[%emt 00:02:25]} 17. Nxe6 {[%clk 01:02:55]}
{[%emt 00:02:58]} fxe6 {[%clk 01:07:34]} {[%emt 00:00:11]} 18. Rac1 {[%clk
00:59:43]} {[%emt 00:03:42]} Rcd8 {[%clk 00:53:40]} {[%emt 00:14:24]} 19. Rd3
{[%clk 00:48:43]} {[%emt 00:11:29]} a6 {[%clk 00:38:39]} {[%emt 00:15:32]} 20.
Rcd1 {[%clk 00:40:01]} {[%emt 00:09:12]} Bf6 {[%clk 00:34:36]} {[%emt
00:04:33]} 21. Qb3 {[%emt 00:39:52]} 1/2-1/2

[Event "DVM U14 2023"]
[Site "Magdeburg GER"]
[Date "2023.12.29"]
[Round "6"]
[White "Sato, Kai"]
[Black "Petrow, Andre"]
[Result "0-1"]
[Termination "normal"]
[Board "1.4"]
[WhiteElo "1386"]
[BlackElo "1558"]
[WhiteClock "00:44:09"]
[BlackClock "00:39:26"]
[WhiteTeam "USV TU Dresden"]
[BlackTeam "Lübecker SV 1873"]
[PlyCount "72"]
[WhiteFideId "34605630"]
[BlackFideId "34612815"]
[EventCountry "GER"]
[EventRounds "7"]
[EventType "team-swiss"]
[EventDate "2023.12.26"]

1. e4 {[%clk 01:30:59]} {[%emt 00:48:16]} c5 {[%clk 01:30:51]} {[%emt
00:00:10]} 2. c3 {[%clk 01:30:40]} {[%emt 00:00:49]} e5 {[%clk 01:30:58]}
{[%emt 00:00:23]} 3. d4 {[%clk 01:30:03]} {[%emt 00:01:07]} cxd4 {[%clk
01:29:55]} {[%emt 00:01:33]} 4. cxd4 {[%clk 01:30:22]} {[%emt 00:00:11]} exd4
{[%clk 01:29:00]} {[%emt 00:01:25]} 5. Qxd4 {[%clk 01:30:31]} {[%emt 00:00:21]}
Nc6 {[%clk 01:29:17]} {[%emt 00:00:13]} 6. Qd1 {[%clk 01:26:26]} {[%emt
00:04:35]} Nf6 {[%clk 01:27:53]} {[%emt 00:01:54]} 7. Nc3 {[%clk 01:24:28]}
{[%emt 00:02:28]} Bb4 {[%clk 01:26:57]} {[%emt 00:01:25]} 8. Bd3 {[%clk
01:21:47]} {[%emt 00:03:10]} d5 {[%clk 01:22:46]} {[%emt 00:04:41]} 9. Bd2
{[%clk 01:14:50]} {[%emt 00:07:28]} dxe4 {[%clk 01:14:20]} {[%emt 00:08:57]}
10. Bxe4 {[%clk 01:05:50]} {[%emt 00:09:29]} Nxe4 {[%clk 01:09:30]} {[%emt
00:05:19]} 11. Nxe4 {[%clk 01:03:51]} {[%emt 00:02:30]} Qe7 {[%clk 01:06:21]}
{[%emt 00:03:39]} 12. Qe2 {[%clk 01:03:51]} {[%emt 00:00:30]} Nd4 {[%clk
00:56:20]} {[%emt 00:10:31]} 13. Qd3 {[%clk 00:58:54]} {[%emt 00:05:27]} Bxd2+
{[%clk 00:53:25]} {[%emt 00:03:25]} 14. Kxd2 {[%clk 00:58:52]} {[%emt
00:00:32]} O-O {[%clk 00:52:15]} {[%emt 00:01:40]} 15. Re1 {[%clk 00:54:11]}
{[%emt 00:05:09]} Rd8 {[%clk 00:45:49]} {[%emt 00:06:58]} 16. Kc1 {[%clk
00:52:11]} {[%emt 00:02:30]} f5 {[%clk 00:39:19]} {[%emt 00:06:59]} 17. Nh3
{[%clk 00:46:46]} {[%emt 00:05:55]} fxe4 {[%clk 00:39:03]} {[%emt 00:00:46]}
18. Rxe4 {[%clk 00:46:57]} {[%emt 00:00:20]} Qc5+ {[%clk 00:38:39]} {[%emt
00:00:54]} 19. Kb1 {[%clk 00:46:34]} {[%emt 00:00:53]} Bf5 {[%clk 00:38:54]}
{[%emt 00:00:14]} 20. Rc1 {[%clk 00:44:45]} {[%emt 00:02:20]} Bxe4 {[%clk
00:38:24]} {[%emt 00:01:00]} 21. Qxe4 {[%clk 00:45:03]} {[%emt 00:00:11]} Qf5
{[%clk 00:38:48]} {[%emt 00:00:07]} 22. Qxf5 {[%clk 00:44:29]} {[%emt
00:01:03]} Nxf5 {[%clk 00:39:13]} {[%emt 00:00:06]} 23. Rc7 {[%clk 00:44:50]}
{[%emt 00:00:09]} Rac8 {[%clk 00:39:34]} {[%emt 00:00:08]} 24. Rxc8 {[%clk
00:44:11]} {[%emt 00:01:10]} Rxc8 {[%emt 00:00:22]} 25. Nf4 {[%clk 00:44:31]}
{[%emt 00:00:09]} Kf7 {[%clk 00:39:37]} {[%emt 00:00:35]} 26. Nd3 {[%clk
00:44:39]} {[%emt 00:00:22]} Rd8 {[%clk 00:39:41]} {[%emt 00:00:27]} 27. Ne5+
{[%clk 00:44:21]} {[%emt 00:00:47]} Ke6 {[%clk 00:39:39]} {[%emt 00:00:32]} 28.
Nf3 {[%clk 00:43:54]} {[%emt 00:00:57]} Rd1+ {[%clk 00:39:36]} {[%emt
00:00:34]} 29. Kc2 {[%clk 00:44:02]} {[%emt 00:00:22]} Rf1 {[%clk 00:39:42]}
{[%emt 00:00:24]} 30. Kd3 {[%clk 00:43:52]} {[%emt 00:00:39]} Rxf2 {[%clk
00:39:53]} {[%emt 00:00:19]} 31. Ng5+ {[%clk 00:44:12]} {[%emt 00:00:10]} Ke7
{[%clk 00:39:27]} {[%emt 00:00:56]} 32. g4 {[%clk 00:44:11]} {[%emt 00:00:31]}
Nh6 {[%clk 00:38:49]} {[%emt 00:01:09]} 33. h3 {[%clk 00:43:59]} {[%emt
00:00:42]} Rxb2 {[%clk 00:39:01]} {[%emt 00:00:17]} 34. Nxh7 {[%clk 00:44:17]}
{[%emt 00:00:13]} Nf7 {[%clk 00:39:12]} {[%emt 00:00:19]} 35. g5 {[%clk
00:43:55]} {[%emt 00:00:52]} Rxa2 {[%clk 00:39:09]} {[%emt 00:00:33]} 36. g6
{[%clk 00:44:09]} {[%emt 00:00:16]} Ra3+ {[%clk 00:39:26]} {[%emt 00:00:13]}
0-1

[Event "DVM U14 2023"]
[Site "Magdeburg GER"]
[Date "2023.12.29"]
[Round "6"]
[White "Ruddat, Jarne"]
[Black "Haubold, Sebastian"]
[Result "0-1"]
[Termination "normal"]
[Board "2.1"]
[WhiteElo "1821"]
[BlackElo "2055"]
[WhiteClock "00:31:08"]
[BlackClock "00:22:02"]
[WhiteTeam "TSG Oberschöneweide"]
[BlackTeam "USC Magdeburg"]
[PlyCount "104"]
[WhiteFideId "16254236"]
[BlackFideId "16259637"]
[EventCountry "GER"]
[EventRounds "7"]
[EventType "team-swiss"]
[EventDate "2023.12.26"]

1. e4 {[%clk 01:30:59]} e5 {[%clk 01:30:41]} {[%emt 00:00:20]} 2. Nf3 {[%clk
01:31:22]} {[%emt 00:00:06]} Nc6 {[%clk 01:31:05]} {[%emt 00:00:06]} 3. d4
{[%clk 01:31:37]} {[%emt 00:00:15]} exd4 {[%clk 01:31:27]} {[%emt 00:00:08]} 4.
Nxd4 {[%clk 01:32:03]} {[%emt 00:00:04]} Bc5 {[%clk 01:31:44]} {[%emt
00:00:13]} 5. Nb3 {[%clk 01:32:19]} {[%emt 00:00:14]} Bb6 {[%clk 01:31:34]}
{[%emt 00:00:41]} 6. Nc3 {[%clk 01:32:37]} {[%emt 00:00:11]} d6 {[%clk
01:30:20]} {[%emt 00:01:44]} 7. Bd3 {[%clk 01:30:05]} {[%emt 00:03:03]} Nf6
{[%clk 01:24:39]} {[%emt 00:06:11]} 8. Bg5 {[%clk 01:23:18]} {[%emt 00:07:17]}
Be6 {[%clk 01:23:25]} {[%emt 00:01:43]} 9. Qd2 {[%clk 01:13:08]} {[%emt
00:10:39]} h6 {[%clk 01:22:27]} {[%emt 00:01:30]} 10. Be3 {[%clk 01:06:49]}
{[%emt 00:06:48]} Qe7 {[%clk 01:12:55]} {[%emt 00:10:02]} 11. Bxb6 {[%clk
01:05:03]} {[%emt 00:02:17]} axb6 {[%clk 01:13:18]} {[%emt 00:00:06]} 12. O-O
{[%clk 01:05:14]} {[%emt 00:00:18]} O-O {[%clk 01:09:27]} {[%emt 00:04:22]} 13.
Rfe1 {[%clk 01:01:23]} {[%emt 00:04:21]} Ne5 {[%clk 01:01:03]} {[%emt
00:08:54]} 14. Nd4 {[%clk 00:45:34]} {[%emt 00:16:19]} Nxd3 {[%clk 00:57:02]}
{[%emt 00:04:31]} 15. Qxd3 {[%clk 00:45:53]} {[%emt 00:00:11]} Ra5 {[%clk
00:57:04]} {[%emt 00:00:27]} 16. Nxe6 {[%clk 00:39:56]} {[%emt 00:06:28]} fxe6
{[%clk 00:52:54]} {[%emt 00:04:40]} 17. Rad1 {[%clk 00:38:31]} {[%emt
00:01:54]} Rh5 {[%clk 00:50:23]} {[%emt 00:03:01]} 18. h3 {[%clk 00:35:15]}
{[%emt 00:03:47]} Nd7 {[%clk 00:45:45]} {[%emt 00:05:07]} 19. Re3 {[%clk
00:26:22]} {[%emt 00:09:24]} Ne5 {[%clk 00:42:17]} {[%emt 00:03:58]} 20. Qe2
{[%clk 00:26:49]} {[%emt 00:00:04]} Qh4 {[%clk 00:37:18]} {[%emt 00:34:48]} 21.
Rg3 {[%clk 00:24:21]} Kh7 {[%clk 00:32:19]} 22. Rf1 {[%clk 00:22:48]} Rg5
{[%clk 00:24:45]} 23. Rxg5 Qxg5 {[%clk 00:24:10]} 24. f3 {[%clk 00:22:19]} Rf6
{[%clk 00:20:27]} 25. Nd1 {[%clk 00:17:26]} {[%emt 00:01:23]} Ng6 {[%clk
00:19:20]} {[%emt 00:01:37]} 26. Kh2 {[%clk 00:16:17]} {[%emt 00:01:40]} h5
{[%clk 00:16:23]} {[%emt 00:03:26]} 27. Qe3 {[%clk 00:16:25]} {[%emt 00:00:23]}
Qe5+ {[%clk 00:16:17]} {[%emt 00:00:35]} 28. Kh1 {[%clk 00:16:02]} {[%emt
00:00:53]} b5 {[%clk 00:12:21]} {[%emt 00:04:27]} 29. c3 {[%clk 00:15:47]}
{[%emt 00:00:44]} c5 {[%clk 00:12:33]} {[%emt 00:00:19]} 30. Qd2 {[%clk
00:14:23]} {[%emt 00:01:54]} Nf4 {[%clk 00:09:31]} {[%emt 00:03:32]} 31. Ne3
{[%clk 00:13:33]} {[%emt 00:01:20]} Rg6 {[%clk 00:08:13]} {[%emt 00:01:48]} 32.
Rf2 {[%clk 00:11:53]} {[%emt 00:02:09]} Qg5 {[%clk 00:06:22]} {[%emt 00:02:21]}
33. g4 {[%clk 00:06:15]} {[%emt 00:06:09]} Rh6 {[%clk 00:02:27]} {[%emt
00:04:25]} 34. Rh2 {[%clk 00:06:03]} {[%emt 00:00:41]} hxg4 {[%clk 00:02:06]}
{[%emt 00:00:51]} 35. hxg4 {[%clk 00:06:08]} {[%emt 00:00:26]} Nh3 {[%clk
00:01:55]} {[%emt 00:00:40]} 36. Nf1 {[%clk 00:05:09]} {[%emt 00:01:29]} Qh4
{[%clk 00:01:51]} {[%emt 00:00:34]} 37. Qg2 {[%clk 00:05:04]} {[%emt 00:00:33]}
Nf4 {[%clk 00:01:00]} {[%emt 00:01:23]} 38. Rxh4 {[%clk 00:05:01]} {[%emt
00:00:33]} Rxh4+ {[%clk 00:01:29]} {[%emt 00:00:02]} 39. Qh2 {[%clk 00:05:23]}
{[%emt 00:00:08]} Rxh2+ {[%clk 00:01:57]} {[%emt 00:00:01]} 40. Kxh2 {[%clk
00:05:36]} {[%emt 00:00:17]} Nd3 {[%clk 00:02:24]} {[%emt 00:00:03]} 41. b3
{[%clk 00:05:52]} {[%emt 00:00:15]} Nc1 {[%clk 00:02:53]} {[%emt 00:00:01]} 42.
a4 {[%clk 00:05:57]} {[%emt 00:00:24]} c4 {[%clk 00:02:29]} {[%emt 00:00:54]}
43. axb5 {[%clk 00:05:19]} {[%emt 00:01:09]} cxb3 {[%clk 00:02:40]} {[%emt
00:00:19]} 44. Nd2 {[%clk 00:04:51]} {[%emt 00:00:57]} Kg6 {[%clk 00:00:53]}
{[%emt 00:02:17]} 45. Kg3 {[%clk 00:04:18]} {[%emt 00:00:56]} b2 {[%clk
00:25:17]} {[%emt 00:06:14]} 46. Nb1 {[%clk 00:34:10]} {[%emt 00:00:37]} Nd3
{[%clk 00:22:08]} {[%emt 00:03:39]} 47. f4 {[%clk 00:33:03]} {[%emt 00:01:37]}
e5 {[%clk 00:21:42]} {[%emt 00:00:57]} 48. f5+ {[%clk 00:33:28]} {[%emt
00:00:05]} Kg5 {[%clk 00:22:03]} {[%emt 00:00:08]} 49. Nd2 {[%clk 00:33:10]}
{[%emt 00:00:47]} Nc5 {[%clk 00:21:34]} {[%emt 00:01:00]} 50. Kf3 {[%clk
00:33:30]} {[%emt 00:00:10]} Kh4 {[%clk 00:21:51]} {[%emt 00:00:13]} 51. Nb1
{[%clk 00:32:43]} {[%emt 00:01:17]} Na4 {[%clk 00:21:43]} {[%emt 00:00:38]} 52.
c4 {[%clk 00:31:08]} {[%emt 00:02:06]} b6 {[%clk 00:22:02]} {[%emt 00:00:11]}
0-1

[Event "DVM U14 2023"]
[Site "Magdeburg GER"]
[Date "2023.12.29"]
[Round "6"]
[White "Haubold, Christian"]
[Black "Smith, Tobias"]
[Result "1-0"]
[Termination "normal"]
[Board "2.2"]
[WhiteElo "1990"]
[BlackElo "1655"]
[WhiteClock "00:14:10"]
[BlackClock "00:05:54"]
[WhiteTeam "USC Magdeburg"]
[BlackTeam "TSG Oberschöneweide"]
[PlyCount "59"]
[WhiteFideId "16259629"]
[BlackFideId "16254228"]
[EventCountry "GER"]
[EventRounds "7"]
[EventType "team-swiss"]
[EventDate "2023.12.26"]

1. e4 {[%clk 01:30:58]} {[%emt 00:00:03]} c5 {[%clk 01:30:54]} {[%emt
00:00:06]} 2. Nf3 {[%clk 01:31:19]} {[%emt 00:00:09]} Nc6 {[%clk 01:31:19]}
{[%emt 00:00:05]} 3. Bb5 {[%clk 01:31:31]} {[%emt 00:00:17]} g6 {[%clk
01:27:28]} {[%emt 00:04:22]} 4. O-O {[%clk 01:31:39]} {[%emt 00:00:22]} Bg7
{[%clk 01:27:49]} {[%emt 00:00:09]} 5. Nc3 {[%clk 01:31:50]} {[%emt 00:00:19]}
d6 {[%clk 01:27:55]} {[%emt 00:00:24]} 6. a3 {[%clk 01:29:00]} {[%emt
00:03:20]} Bd7 {[%clk 01:17:01]} {[%emt 00:11:24]} 7. Re1 {[%clk 01:09:50]}
{[%emt 00:19:40]} Nf6 {[%clk 01:05:26]} {[%emt 00:12:04]} 8. b4 {[%clk
01:00:20]} {[%emt 00:10:01]} cxb4 {[%clk 01:01:18]} {[%emt 00:04:38]} 9. axb4
{[%clk 01:00:37]} {[%emt 00:00:12]} Nxb4 {[%clk 00:51:41]} {[%emt 00:10:07]}
10. Ba3 {[%clk 00:58:16]} {[%emt 00:02:51]} Bxb5 {[%clk 00:51:07]} {[%emt
00:01:04]} 11. Bxb4 {[%clk 00:58:18]} {[%emt 00:00:29]} Bc6 {[%clk 00:49:24]}
{[%emt 00:02:13]} 12. e5 {[%clk 00:57:09]} {[%emt 00:01:39]} Nd7 {[%clk
00:41:17]} {[%emt 00:08:36]} 13. exd6 {[%clk 00:48:45]} {[%emt 00:08:54]} e6
{[%clk 00:40:52]} {[%emt 00:00:56]} 14. d4 {[%clk 00:45:46]} {[%emt 00:03:29]}
a5 {[%clk 00:39:37]} {[%emt 00:01:45]} 15. Ba3 {[%clk 00:36:32]} {[%emt
00:09:44]} b5 {[%clk 00:35:05]} {[%emt 00:05:02]} 16. d5 {[%clk 00:25:56]}
{[%emt 00:41:51]} Bxc3 {[%clk 00:32:56]} 17. dxc6 {[%clk 00:25:30]} b4 {[%clk
00:29:55]} 18. cxd7+ Qxd7 {[%clk 00:30:23]} 19. Bxb4 Bxb4 {[%clk 00:30:03]} 20.
Qd4 {[%clk 00:17:00]} O-O {[%clk 00:25:53]} 21. Red1 {[%clk 00:17:17]} Rfd8
{[%clk 00:22:51]} 22. Qh4 {[%clk 00:15:45]} Kg7 {[%clk 00:14:28]} {[%emt
00:06:33]} 23. Ng5 {[%clk 00:14:36]} {[%emt 00:01:39]} Rh8 {[%clk 00:10:41]}
{[%emt 00:04:17]} 24. Qd4+ {[%clk 00:13:59]} {[%emt 00:01:07]} f6 {[%clk
00:10:21]} {[%emt 00:00:51]} 25. c3 {[%clk 00:12:56]} {[%emt 00:01:33]} e5
{[%clk 00:10:04]} {[%emt 00:00:46]} 26. Qd5 {[%clk 00:12:43]} {[%emt 00:00:43]}
Bxc3 {[%clk 00:06:28]} {[%emt 00:04:06]} 27. Ne6+ {[%clk 00:13:07]} {[%emt
00:00:06]} Kh6 {[%clk 00:06:48]} {[%emt 00:00:10]} 28. Rd3 {[%clk 00:13:26]}
{[%emt 00:00:11]} Qxe6 {[%clk 00:05:35]} {[%emt 00:01:43]} 29. Qxe6 {[%clk
00:13:48]} {[%emt 00:00:07]} Bxa1 {[%clk 00:05:54]} {[%emt 00:00:12]} 30. Qxf6
{[%clk 00:14:10]} {[%emt 00:00:08]} 1-0